000 02381ngm a2200445 4500
003 dpl
005 20080723110517.0
007 DVD
008 ||||||sp199 xxu|||||c|||| 00| 0 eng d
010 _aDVD-000504-506 DVD-001614-1616
024 _a08638
_c499.00
035 _aDVD-000504-506
040 _aDPL
_cDPL
082 _aDVD / SPEE
245 _aSpeed
_c20th Century Fox Presents
_h[videorecording] DVD/
260 _b20th Century Fox Homeentertainment
300 _a1 videodisc DVD; (116 min.) :
_bsd., col. ;
_c4 3/4 in.
_fDVD
440 _a20th Centyry Fox Home Entertainment
500 _aSole Distributor in India M/s. Excel Productions Autio Visuals Pvt. Ltd.
500 _aHang on fora Wild and Crazy Ride
500 _aThis DVD is Copy Protected
538 _aDolby Digital 5.1-English Subtitles: English, Korean, Mandarin, Thai
538 _aAspect Ratio: 1.85:1, Presentation type: Wide Screne, Presentation Size 16x9, Format DVD 9 Dual Layer Single Sided Disc.
650 _aMothin Picture
700 _aGorden, Mark
700 _aKeanureeves
700 _aDennishopper
700 _aBallock, Sandra
700 _aMorton, Joe
700 _aDaniels, Jeff
700 _aMancina, Mark
942 _cCF
_2ddc
_hDVD
_mSPEE
999 _c15638
_d15638